Technical communication A reader-centered approach
Đã lưu trong:
| 主要作者: | |
|---|---|
| 格式: | 圖書 |
| 語言: | Undetermined |
| 出版: |
Boston, MA : Thomson
Heinle
2003
|
| 主題: |
English language
> Technical English
> Problems, exercises, etc.; Communication of technical information
> Problems, exercises, etc.; Technical writing
> Problems, exercises, etc.; Anh ngữ
> Anh ngữ kỹ thuật
> Vấn đề, bài tập; Giao tiếp của thông tin kỹ thuật
> Vấn đề, bài tập
|
| 在線閱讀: | http://lrc.tdmu.edu.vn/opac/search/detail.asp?aID=2&ID=7238 |
| 標簽: |
添加標簽
沒有標簽, 成為第一個標記此記錄!
|
| Thư viện lưu trữ: | Trung tâm Học liệu Trường Đại học Thủ Dầu Một |
|---|
| LEADER | 00923nam a2200205Ia 4500 | ||
|---|---|---|---|
| 001 | TDMU_7238 | ||
| 008 | 210410s9999 xx 000 0 und d | ||
| 082 | |a 808.06 | ||
| 090 | |b A105 | ||
| 100 | |a Anderson, Paul V | ||
| 245 | 0 | |a Technical communication | |
| 245 | 2 | |b A reader-centered approach | |
| 245 | 0 | |c Paul V. Anderson | |
| 260 | |a Boston, MA : Thomson | ||
| 260 | |b Heinle | ||
| 260 | |c 2003 | ||
| 300 | |a xxiv, 647 p. | ||
| 650 | |a English language |x Technical English |v Problems, exercises, etc.; Communication of technical information |v Problems, exercises, etc.; Technical writing |v Problems, exercises, etc.; Anh ngữ |x Anh ngữ kỹ thuật |v Vấn đề, bài tập; Giao tiếp của thông tin kỹ thuật |v Vấn đề, bài tập | ||
| 856 | |u http://lrc.tdmu.edu.vn/opac/search/detail.asp?aID=2&ID=7238 | ||
| 980 | |a Trung tâm Học liệu Trường Đại học Thủ Dầu Một | ||